Statistics for Persona 5 Magic Skills

Click here to take the quiz!

General Stats

  • This quiz has been taken 55 times
  • The average score is 7 of 9

Answer Stats

HintAnswer% Correct
IceBufu
98%
FireAgi
94%
WindGaru
92%
ElectricZio
88%
PsychokinesisPSI
81%
AlmightyMegido
71%
CurseEiha
67%
NuclearFrei
65%
BlessKouha
54%

Score Distribution

Percentile by Number Answered

Percent of People with Each Score

Your Score History

You have not taken this quiz